00831nam a22002537a 450000700030000000800410000302000230004404000140006704100090008110000310009024500490012125000160017026000280018630000400021444000250025452100700027963000240034965000140037370000240038770000200041194200080043199900170043995201210045600160714b xxu||||| |||| 00| 0 eng d a978-2-311-01-218-7 aBUACcBUC aFre. aPERETTI, Jean-Marie911079 aRessources humainesc/par Jean-Marie PERETTI a14è éd. aParis :bVuibert,c2013 a636 p.bcouv. ill. en coul.c24 cm. a(Collection Gestion) aBibliogr. pp. (608 - 620) ; Index Alphabétique. pp. (621 - 624) aSCIENCES APPLIQUEES aPersonnel aHELFER, Jean-Pierre aORSONI, Jacques cLIV c54873d54873 00104070aBUACbBUACd2014-11-14eDon ARESf15/217l0o658 PERp15-217BUCr2016-07-14 00:00:00t1w2016-07-14yLIV